Extracelulárna produkcia rekombinantných proteínov pomocou &-lt;i&-gt;Pichia pastoris&-lt;/i&-gt;
Uložené v:
| Hlavný autor: | |
|---|---|
| Ďalší autori: | |
| Médium: | Rukopis Kniha |
| Jazyk: | Slovak |
| Vydavateľské údaje: |
2023
|
| Predmet: | |
| On-line prístup: | http://is.stuba.sk/zp/portal_zp.pl?podrobnosti=169593 |
| Tagy: |
Žiadne tagy, Buďte prvý, kto otaguje tento záznam!
|
MARC
| LEADER | 00000ntm a22000003a 4500 | ||
|---|---|---|---|
| 001 | stuzp94426 | ||
| 003 | SK-STU | ||
| 005 | 20230909222056.2 | ||
| 007 | ta | ||
| 008 | 150427s2015----xo-----f-mn---000-0-slo-d | ||
| 040 | |a STU |b slo | ||
| 041 | 0 | |a slo | |
| 100 | 1 | |a Dobrovodský, Pavol |u 044000 |k Z3 |4 aut |U FCHPT Fakulta chemickej a potravinárskej technológie |T FCHPT Ústav biotechnológie |X 97399 |U C4000 |Y 102 |7 97399 | |
| 242 | 0 | 1 | |a Extracellular Production of Recombinant Proteins with Pichia pastoris |y eng |
| 245 | 1 | 0 | |a Extracelulárna produkcia rekombinantných proteínov pomocou &-lt;i&-gt;Pichia pastoris&-lt;/i&-gt; |
| 260 | |c 2023 | ||
| 650 | 4 | |a rekombinantný proteín |2 slo | |
| 650 | 4 | |a Pichia pastoris |2 slo | |
| 650 | 4 | |a high-cell density fermentácia |2 slo | |
| 650 | 4 | |a imunomodulačný proteín |2 slo | |
| 650 | 4 | |a Pichia pastoris |2 eng | |
| 650 | 4 | |a high-cell density fermentation |2 eng | |
| 650 | 4 | |a immunomodulatory protein |2 eng | |
| 650 | 4 | |a recombinant protein |2 eng | |
| 700 | 1 | |a Petrovičová, Tatiana |u 044000 |k Z2 |4 ths |U FCHPT Fakulta chemickej a potravinárskej technológie |T FCHPT Ústav biotechnológie |X 42770 |U C4000 |Y 102 |7 A000042770 | |
| 856 | 4 | |u http://is.stuba.sk/zp/portal_zp.pl?podrobnosti=169593 | |